| Tag |
First Indicator |
Second Indicator |
Subfields |
| LEADER |
00000cam a2200000 4500 |
| 001 |
in00000282985 |
| 005 |
20151010090930.0 |
| 008 |
761013m19061920dcua 00010 eng u |
| 010 |
|
|
|a 06034027
|
| 035 |
|
|
|a (OCoLC)02498946
|
| 035 |
|
|
|9 ABG4994AM
|
| 040 |
|
|
|c KLG
|d TXA
|d UtOrBLW
|
| 049 |
|
|
|a TXAM
|c 1
|v 1 [108388]
|v 3 [108389]
|c 2
|v 1 [A11920430]
|v 3 [A11919497]
|
| 090 |
|
|
|a DT57
|b .M8
|
| 100 |
1 |
|
|a Müller, W. Max
|q (Wilhelm Max),
|d 1862-1919.
|
| 245 |
1 |
0 |
|a Egyptological researches /
|c by W. Max Muller.
|
| 264 |
|
1 |
|a Washington, D. C. :
|b Carnegie Institution of Washington,
|c 1906-20.
|
| 300 |
|
|
|a 3 volumes :
|b frontispiece (volumes3, portrait) illustrations, plates (part color, part folded) ;
|c 30 cm.
|
| 336 |
|
|
|a text
|b txt
|2 rdacontent
|
| 337 |
|
|
|a unmediated
|b n
|2 rdamedia
|
| 338 |
|
|
|a volume
|b nc
|2 rdacarrier
|
| 490 |
1 |
|
|a Carnegie Institution of Washington publication ;
|v no. 53
|
| 500 |
|
|
|a "The 'first' bilingual decree of Philae ... is a modified copy of the famous decree of Rosetta."--pt. 4.
|
| 505 |
0 |
|
|a v.1. Results of a journey in 1904.--v.2. Results of a journey in 1906.--v.3. The bilingual [hieroglyphic and demotic] decrees of Philae [ed. by H. F. Lutz]
|
| 650 |
|
0 |
|a Inscriptions, Egyptian.
|
| 650 |
|
0 |
|a Geography, Ancient.
|
| 650 |
|
0 |
|a Rosetta stone.
|
| 651 |
|
0 |
|a Egypt
|x Antiquities.
|
| 651 |
|
0 |
|a Egypt
|x History
|y To 640 A.D.
|x Sources.
|
| 651 |
|
0 |
|a Philae (Egypt)
|
| 700 |
1 |
|
|a Lutz, Henry Frederick,
|d 1886-
|
| 830 |
|
0 |
|a Carnegie Institution of Washington publication ;
|v 53.
|
| 999 |
|
|
|a MARS
|
| 999 |
f |
f |
|s bbcd66c4-506d-3031-ab27-a3efeafe6a45
|i 34f99a78-79c3-3675-b313-b93b236606ea
|t 0
|
| 952 |
f |
f |
|p normal
|a Texas A&M University
|b College Station
|c Sterling C. Evans Library
|d Evans: Library Stacks
|t 0
|e DT57 .M8
|h Library of Congress classification
|i unmediated -- volume
|k v.1
|m A14811920430
|
| 952 |
f |
f |
|p normal
|a Texas A&M University
|b College Station
|c Sterling C. Evans Library
|d Evans: Library Stacks
|t 0
|e DT57 .M8
|h Library of Congress classification
|i unmediated -- volume
|k v.3
|m A14811919497
|
| 998 |
f |
f |
|a DT57 .M8
|s v.1,v.3
|t 0
|l Evans: Library Stacks
|